000
00314nam a22001337a 4500
008
181207b xxu||||| |||| 00| 0 eng d
020
_a
9780312180065
041
_a
eng
080
_2
2nd
_a
371
100
_a
46
101
_a
EDU
245
_a
A Pocket Guide to Writing in History
_c
Rampolla,M.L
942
_2
udc
_c
BK
999
_c
53063
_d
53063